000 01142nam a22002897a 4500
001 9172
003 FISKH
005 20251127090223.0
008 251127b cb ||||| |||| 00| 0 eng d
020 _a9780478029277
040 _aFISKH
_beng
_cFISKH
_dFISKH
050 _aPZ7
082 _a372.350440993
100 _aBuxton, Jane
_eAuthor
245 _aRumble, rumble, boom! /
_cby Jane Buxton ; Illustrated by Debe Mansfield
260 _aWellington :
_bLearning Media Limited ,
_c2001
300 _a8 pages :
_bcolor illustrations ;
_c18 x 21 cm
505 _aC
520 _aReading Science has been developed by Learning Media, the publishers of Ready to Read. It has been specifically designed for use in language and science programs at Level 1 & 2 of the New Zealand Curriculum. Sigle scientific concepts are conveyed through high-interest, literature-based stories at emergent, early and fluency stages.
521 8 _a80
_bLexile
521 8 _aC
_bRaz-Plus
650 _aChildren
_vNon-fiction
650 _aScience
_vVolcanoes
700 _aMansfield, Debe
_eIllustrator
942 _2ddc
_cBK
_n0
999 _c9172
_d9172